| 000 | 00848nam a22001817a 4500 | ||
|---|---|---|---|
| 005 | 20250214104052.0 | ||
| 010 | _aHIN-127373 | ||
| 020 |
_a9789354425172 _c3735.00 |
||
| 035 | _aHN-99719 | ||
| 037 | _bDBAD | ||
| 082 | _a420.95458 | ||
| 100 |
_aदेवी, गणेश _977573 |
||
| 245 |
_aभारतीय भाषा लोक सर्वेक्षण : मेघालय की भाषाऍ खंड 19 भाग 1 _cगणेश देवी |
||
| 260 |
_aतेलंगाना _bओरियंट ब्लैकस्वॉन प्राइवेट लिमिटेड _c2024 |
||
| 270 |
_a3-6-752 हिमायत नगर, हैदरबाद 500029 _b हैदरबाद |
||
| 300 |
_a416पृ _c25 सेमी (सजिल्द) |
||
| 942 |
_cHN _2ddc _h420.95458 _mदेवी |
||
| 999 |
_c202201 _d202201 |
||